Tornado Warnings By Sabrina Carpenter Lyrics - Statistics

General Stats
  • This quiz has been taken 18 times
  • The average score is 328 of 371
Answer Stats
Part Lyrics % Correct
Verse 1 We
100%
we
100%
were
100%
a
92%
an
92%
And
92%
and
92%
arms
92%
dark
92%
doesn't
92%
feelings
92%
get
92%
He
92%
he
92%
he's
92%
him
92%
his
92%
hold
92%
how
92%
I
92%
Ignoring
92%
I'm
92%
in
92%
it
92%
keep
92%
kissed
92%
last
92%
like
92%
logically
92%
lying
92%
maybe
92%
me
92%
mind
92%
missing
92%
my
92%
never
92%
of
92%
on
92%
our
92%
out
92%
over
92%
park
92%
quickly
92%
Right
92%
saw
92%
say
92%
saying
92%
see
92%
seesaw
92%
so
92%
Some
92%
some
92%
somehow
92%
sometimes
92%
son
92%
step
92%
stop
92%
that
92%
that's
92%
the
92%
then
92%
therapist
92%
thing
92%
things
92%
to
92%
tornado
92%
want
92%
warnings
92%
why
92%
with
92%
without
92%
you
92%
arc
85%
back
85%
bitch
85%
But
85%
but
85%
didn't
85%
Pre-Chorus Don't
85%
every
85%
exist
85%
Chorus From
85%
gonna
85%
guess
85%
have
85%
If
85%
if
85%
Not
85%
not
85%
onto
85%
pages
85%
relationship
85%
rhythm
85%
stumble
85%
Talkin'
85%
there
85%
think
85%
time
85%
understand
85%
baby
77%
call
77%
can't
77%
convince
77%
could
77%
crazy
77%
drive
77%
I'd
77%
should
77%
basement
69%
consideration
69%
hear
69%
home
69%
left
69%
own
69%
still
69%
teetering
69%
deserve
62%
Bridge I'll
62%
kept
62%
myself
62%
speak
62%
wish
62%
yours
62%
hour
54%
obsessed
54%
thoughts
54%
week
54%
focus
46%
Now
46%
No matching quizzes found
Score Distribution
Percent of People with Each Score
Percentile by Number Answered
Your Score History
You have not taken this quiz